000 00510nam a2200193Ia 4500
005 20250326140542.0
008 250326s9999 xx 000 0 und d
037 _aTextbook
040 _aFMSL
_beng
_cFMSL
041 _aeng
_2eng
084 _aX:8F P0
_qFMSL
100 _aKhan M Y
245 0 _aManagement accounting
_cKhan M Y; Jain P K
250 _aEd 3
260 _aNew Delhi
_bNew Delhi, Tata McGraw-Hill
_c2000
300 _av..
942 _cTB
_hX:8F P0
999 _c1286278
_d1286278